000 01218nam a2200217 a 4500
001 000868154
003 AM-YeHGA
005 20250617145156.0
008 120217s1977 ru r 000 0 rus d
040 _aAM-YeHGA
041 0 _arus
100 1 _aЧернавский, Николай Павлович
245 1 0 _aПрогрессивная технология возделывания и уборки сахарной свеклы :
_bЛекция для студентов-заочников по специальности 1502-"Агрономия" /
_cН.П. Чернавский; МСХ СССР; Глав. упр. высшего и сред. с.-х. образ.; ВСХИЗО.
260 _aМ. :
_bВСХИЗО,
_c1977.
300 _a40 с. :
_bтабл. ;
_c20 см.
650 1 4 _aСахарная свекла
710 2 _aМинистерство сельского хозяйства СССР
710 2 _aГлавное управление высшего и среднего сельскохозяйственного образования
710 2 _aВсесоюзный сельскохозяйственный институт заочного образования
090 _c309121
999 _c307412
_d307412